An introduction to magnetohydrodynamics (Record no. 14259)

MARC details
000 -LEADER
fixed length control field 00589nam a2200205Ia 4500
003 - CONTROL NUMBER IDENTIFIER
control field IN-BaIIA
008 - FIXED-LENGTH DATA ELEMENTS--GENERAL INFORMATION
fixed length control field 211028s9999 xx 000 0 eng d
040 ## - CATALOGING SOURCE
Transcribing agency IIA Library
080 ## - UNIVERSAL DECIMAL CLASSIFICATION NUMBER
Universal Decimal Classification number 538
Item number ROB
100 ## - MAIN ENTRY--PERSONAL NAME
Personal name Roberts, P. H
9 (RLIN) 25217
245 #3 - TITLE STATEMENT
Title An introduction to magnetohydrodynamics
Statement of responsibility, etc. P. H. Roberts
260 ## - PUBLICATION, DISTRIBUTION, ETC.
Place of publication, distribution, etc. London
Name of publisher, distributor, etc. Longmans, Green
Date of publication, distribution, etc. 1967
300 ## - PHYSICAL DESCRIPTION
Extent x, 264p.
500 ## - GENERAL NOTE
General note Photocopy of Original
650 ## - SUBJECT ADDED ENTRY--TOPICAL TERM
Topical term or geographic name entry element Alfven waves
9 (RLIN) 12286
650 ## - SUBJECT ADDED ENTRY--TOPICAL TERM
Topical term or geographic name entry element Electromagnetic induction
9 (RLIN) 25218
650 ## - SUBJECT ADDED ENTRY--TOPICAL TERM
Topical term or geographic name entry element Homogeneous dynamos
9 (RLIN) 25219
650 ## - SUBJECT ADDED ENTRY--TOPICAL TERM
Topical term or geographic name entry element Magnetohydrodynamics
9 (RLIN) 1666
942 ## - ADDED ENTRY ELEMENTS (KOHA)
Koha item type Books
Holdings
Withdrawn status Lost status Damaged status Not for loan Home library Current library Shelving location Date acquired Total Checkouts Full call number Barcode Date last seen Price effective from Koha item type
        IIA Library-Bangalore IIA Library-Bangalore General Stacks 19/09/2001   538/ ROB 15179 05/11/2021 19/09/2001 Books

Powered by Koha